000 00990cam a22003137a 4500
003 CHAP
005 20220329134536.0
008 971013s1942 r 00010 d
010 _a21888
011 _a22860
035 _a26955
040 _cCHAP
090 _aFolleto 6413
110 _aGran Bretaña. Iodine Facts Educational Bureau
_950315
245 1 3 _aEl yodo y sus aplicaciones
260 _aSantiago :
_bCorporación de Ventas de Salitre y Yodo de Chile,
_c1942
300 _a66 p
500 _aLa biblioteca tiene: v.3 en la agricultura y en la veterinaria
590 _aBATCH-UPD
_b10
_c20130110
_lUCH01
_h1129
590 _aBATCH-UPD
_b10
_c20130410
_lUCH01
_h0718
590 _aBATCH-UPD
_b10
_c20130914
_lUCH01
_h0353
590 _aCONVERSION
_b10
_c20130109
_lUCH01
_h1313
650 1 4 _aAntisépticos.
_96073
650 1 4 _aVeterinaria.
_9118987
650 1 4 _aYodo.
_9123148
901 _aBK
942 _cFOLL
949 _aFolleto 6413
_bBC
_cFOLL
_d-62323
_eTS1
_i26955
_mD
_si
999 _c21888
_d21888